| 000 | 01221nam a2200241 i 4500 | ||
|---|---|---|---|
| 001 | 45016 | ||
| 003 | ES-MaACL | ||
| 005 | 20250723061829.0 | ||
| 007 | t| | ||
| 008 | 030324s18421844gw ||||1| lat d | ||
| 080 | _a34(37) | ||
| 245 | 0 | 0 |
_aCodices Gregorianus Hermogenianus Theodosianus / _cedidit Gustavus Haenel. |
| 260 |
_aBonnae : _bAdolphum Marcum, _c1842-1844. |
||
| 300 |
_aX, 479, 28 p. ; _c28 cm. |
||
| 505 | 8 | _aContiene: Codicis Gregoriani et Codicis Hermogeniani fragmenta. Ad XXXVI librorum manuscriptorum et priorum editionum fidem . Codex Theodosianus. Ad LIV librorum manuscriptorum et priorum editionum fidem . Novellae Constitutiones imperatorum Theodosii II, Valentiniani III, Maximi, Maioriani, Severi, Anthemii. XVIII Constitutiones / quas Iacobus Sirmondus divulgavit ; ad librorum manu scriptorum et editionum fidem recognovit et annotatione critica instruxit Gustavus Haenel | |
| 597 | _aTexto a doble columna, con numeración por columnas. | ||
| 650 | 7 |
_aDerecho romano _2embne _911764 |
|
| 700 | 1 |
_aHaenel, Gustav Friedrich. _9139062 |
|
| 700 | 1 |
_aSirmond, Jacques. _9139063 |
|
| 730 | 0 | 2 |
_aCodex Theodosianus. _9135263 |
| 852 | 4 |
_aES-MaACL _jB-10960 |
|
| 999 |
_c45016 _d45016 |
||